International productive practices in education (Record no. 171536)

MARC details
000 -LEADER
fixed length control field 00410nam a2200145Ia 4500
005 - DATE AND TIME OF LATEST TRANSACTION
control field 20240821160558.0
008 - FIXED-LENGTH DATA ELEMENTS--GENERAL INFORMATION
fixed length control field 240821s9999||||xx |||||||||||||| ||und||
082 ## - DEWEY DECIMAL CLASSIFICATION NUMBER
Classification number 370 INT (R)
100 ## - MAIN ENTRY--PERSONAL NAME
Personal name Terano, Mayumi; Slee, Roger; Scott, David, ,
245 #0 - TITLE STATEMENT
Title International productive practices in education
260 ## - PUBLICATION, DISTRIBUTION, ETC.
Place of publication, distribution, etc. New Delhi
Name of publisher, distributor, etc. Save the children
Date of publication, distribution, etc. 2011
300 ## - PHYSICAL DESCRIPTION
Extent 177p.
650 ## - SUBJECT ADDED ENTRY--TOPICAL TERM
Topical term or geographic name entry element Education
942 ## - ADDED ENTRY ELEMENTS (KOHA)
Koha item type Book
Holdings
Withdrawn status Lost status Damaged status Not for loan Home library Current library Date acquired Total checkouts Barcode Date last seen Price effective from Koha item type
        Library and Documentation Division NCERT Library and Documentation Division NCERT 08/21/2024   F30515 08/21/2024 08/21/2024 Book